Представление документа в формате MARC21

Поле Инд. ПП Название Значение
Тип записи a
Библиографический уровень b
001 Контрольный номер RU/IS/BASE/260982637
005 Дата корректировки 20200630211027.8
084 a Индекс другой классификации/Индекс ББК 66.6(2Рос)в6; 60.561.3
100 1_ a Автор Алескеров Ф. Т.
245 a Заглавие Оценка влияния групп и фракций в российском парламенте (1994 - 2003 гг.)
b Продолж. заглавия [Извлечения]
500 a Примечание Полная версия (175 с., граф., табл.) размещена на сайтах: www.ipu.ru/rcc/, www.hse.ru и включает в себя полный анализ распределения влияния отдельно для каждого созыва Думы и сценария образования коалиций для простого и конституционного большинства с помощью двух разных индексов влияния (Банцафа и Шепли-Шубика)
504 a Библиография Лит. в конце статьи
520 a Аннотация "Рассмотрена проблема оценки и анализа распредления влияния в Госдуме РФ за 1994 - 2003 гг. Индекс влияния Банцафа рассчитан для простого большинства при разных предположениях о допустимых коалициях. Проанализирована зависимость индекса влияния от изменений в составе депутатских объединений и различных сценариев образования коалиций. Проверена согласованность существенных изменений индекса влияния с происходившими в это время политическими событиями."
650 a Основная рубрика политика
a Основная рубрика политическая социология
a Основная рубрика политические партии
a Основная рубрика социология
653 a Ключевые слова "Единство" (политическая партия)
a Ключевые слова "Яблоко" (политическое объединение)
a Ключевые слова внутренняя политика
a Ключевые слова голосование
a Ключевые слова Государственная дума РФ
a Ключевые слова индекс Банцафа
a Ключевые слова индекс политического влияния
a Ключевые слова индекс согласованности позиций
a Ключевые слова коалиции
a Ключевые слова Коммунистическая партия РФ (КПРФ)
a Ключевые слова консолидированное голосование
a Ключевые слова Парламент России
a Ключевые слова политические группы
a Ключевые слова политические отношения
a Ключевые слова политические фракции
a Ключевые слова политическое влияние
a Ключевые слова политология
a Ключевые слова правило простого большинства
a Ключевые слова Россия
a Ключевые слова Союз правых сил (СПС)
700 a Автор Благовещенский Н. Ю.
700 a Автор Сатаров Г. А.
q Полное имя Сатаров Георгий Александрович
700 a Автор Соколова А. В.
700 a Автор Якуба В. И.
773 t Заглавие источника Экономический журнал ВШЭ
d Дата издания источника 2003
g Прочая информация Т. 7, № 4. - С. 496 - 512 : расчет., граф.
w Контрольный № источника RU/IS/BASE/129821212
901 t Тип документа b